000 00637nam a2200229Ia 4500
005 20250508164554.0
008 008 250505s9999 xx 000 0 eng d
020 _a978-81-317-1933-6
037 _aTextual
040 _aFEDL
_beng
_cFEDL
041 _aeng
_2eng
084 _a371.102, BEE
_qFEDL
100 _aBeedle Paul
_9778486
245 0 _aReflections on teaching today and tomorrow
260 _aNew York, USA
_bCambridge University Press
300 _a128p.
365 _aINR
_b195
650 _aTeaching
700 _a Burkill Bob
_9778487
942 _cTEXL
_h371.102, BEE
999 _c1389872
_d1389872